000 004980000a22001930004500
001 004898
003 MACL
005 20150819151934.0
008 150819b xxu||||| |||| 00| 0 eng d
040 _aMACL
_cMACL
041 _aEnglish
082 _a610/ROS
100 _aRos, Frank
_96267
245 _aThe Lost Secrets Of AyurvedicAcupunture
_cFrank Ros
260 _aNew Delhi
_c1997
_bMotilal Banarsidass Publishers,
350 _a165
650 _aMedical Science
_985
942 _k610
_cBK
_2ddc
999 _c16781
_d16781